Výzdoba Zemedelského múzea aká bude sochárska okrasa na prúčelí muzea?

Bibliographic Details
Format: Article
Language:Slovak
Subjects:

MARC

LEADER 00000nab a22000001a 4500
001 vtls010315674
003 SK-MaSNL
005 20260426065327.0
008 111003d19260424xo |r|p|||| |000 b|slo
015 |a SNBRRBVU1918-1938 
038 |a SNKBUCL 
040 |a SNKBUVU  |b slo  |c SNKBUCL  |e AACR2 
041 0 |a slo 
044 |a xo  |c SK 
080 |a 63:069  |2 1997 
080 |a 730.027:06.063  |2 1997 
245 0 0 |a Výzdoba Zemedelského múzea  |b aká bude sochárska okrasa na prúčelí muzea? 
610 2 7 |a Zemedelské múzeum v Bratislave  |2 MM  |9 252431 
648 7 |a 1926  |2 snkbucl  |9 296465 
650 0 7 |a sochárska výzdoba  |2 MM  |9 1099140 
650 0 7 |a verejné súťaže  |2 MM  |9 4222 
651 7 |a Bratislava (Slovensko)  |2 MM  |9 14568 
773 0 |t Slovenská politika  |g Roč. 7, č. 95 (24.4.1926), s. 1 
852 |a SNK  |b KIS3GCP 
910 |a snkrbvumm 
958 |a VY 
999 |c 2623021  |d 2624951